The birth of Pantjasila; (Record no. 77848)

MARC details
000 -LEADER
fixed length control field 00775cam a22002411 4500
001 - CONTROL NUMBER
control field sa 68001270
003 - CONTROL NUMBER IDENTIFIER
control field DLC
005 - DATE AND TIME OF LATEST TRANSACTION
control field 20260227112432.0
008 - FIXED-LENGTH DATA ELEMENTS--GENERAL INFORMATION
fixed length control field 710903s1958 io ac 00010 eng
010 ## - LIBRARY OF CONGRESS CONTROL NUMBER
LC control number sa 68001270 //r932
025 ## - OVERSEAS ACQUISITION NUMBER
Overseas acquisition number PL480:Indo-3807
040 ## - CATALOGING SOURCE
Original cataloging agency DLC
Transcribing agency DLC
Modifying agency DLC
043 ## - GEOGRAPHIC AREA CODE
Geographic area code a-io---
050 00 - LIBRARY OF CONGRESS CALL NUMBER
Classification number JQ763
Item number 1958.S76
100 10 - MAIN ENTRY--PERSONAL NAME
Personal name Soekarno,
Dates associated with a name 1901-1970.
245 14 - TITLE STATEMENT
Title The birth of Pantjasila;
Remainder of title an outline of the five principles of the Indonesian State:
Statement of responsibility, etc. President Soekarno's speech.
250 ## - EDITION STATEMENT
Edition statement [3d ed.
260 0# - PUBLICATION, DISTRIBUTION, ETC.
Place of publication, distribution, etc. Djakarta]
Name of publisher, distributor, etc. Ministry of Information
Date of publication, distribution, etc. [1958]
300 ## - PHYSICAL DESCRIPTION
Extent 32 p.
Other physical details col. illus., port.
Dimensions 22 cm.
651 #0 - SUBJECT ADDED ENTRY--GEOGRAPHIC NAME
Geographic name Indonesia
General subdivision Politics and government
Chronological subdivision 1950-1966.
650 #0 - SUBJECT ADDED ENTRY--TOPICAL TERM
Topical term or geographic name entry element Pancasila.
710 10 - ADDED ENTRY--CORPORATE NAME
Corporate name or jurisdiction name as entry element Indonesia.
Subordinate unit Departemen Penerangan.

No items available.

Powered by Koha